000
00278nam a22001337a 4500
008
170418b xxu||||| |||| 00| 0 eng d
020
_a
0397506899
041
_a
eng
080
_a
579
100
_a
11
101
_a
SHM
245
_a
MICROBIOLOGY
_c
DAVIS.B.D
942
_2
udc
_c
BK
999
_c
11030
_d
11030